00641nam a22001457a 450000500170000010000720001724500890008926000270017830000090020570000470021494200110026199900170027295201030028995201030039220260629115412.0 aHira Ashraf a21-MSIT-22aSupervisor - Dr. Asghar Ali Chandio91021 aAnalyzing The Academic Performance of Students by Using Machine Learning (Thesis MS) aNawabshahbQUESTc2024 a82p. aDepartment of Information Technology 9954 cTHESIS c69079d69076 00104070aRESEARCHbRESEARCHd2026-06-29l0pMP/99-1444r2026-06-29 11:54:57w2026-06-29yTHESIS 00104070aRESEARCHbRESEARCHd2026-06-29l0pMP/99-1445r2026-06-29 11:54:57w2026-06-29yTHESIS